On This Day: November 2nd II Quiz Stats

 Plays Quiz Updated Nov 2, 2018

Score 0/7 Timer 03:00
0 Plays Today
Question Answer Wrong Answers
This actor and director, best known as Ross on Friends, is born.
1966
David Schwimmer
88.4%
Matt LeBlanc
3.9%
Matthew Perry
5.1%
John Favreau
0.7%
This American business magnate and aviator performs the maiden flight of the H-4 Hercules, more commonly known as the 'Spruce Goose'.
1947
Howard Hughes
81.6%
Charles Lindbergh
11%
Richard Branson
1.5%
William Boeing
4.7%
Ngô Đình Nhu, president of this former nation, is assassinated during a military coup.
1963
South Vietnam
81.5%
Emirate of Diriyah
2.4%
Republic of Ezo
2.5%
Tibet
12%
This abolitionist, who led the 1859 raid on Harper's Ferry, is convicted of treason against Virginia and sentenced to hang.
1859
John Brown
77.2%
Frederick Douglass
16.3%
David Walker
3.5%
Lucretia Mott
3%
This MLB team wins the World Series, ending a 108-year championship drought.
2016
Chicago Cubs
72.7%
Cleveland Indians
3%
Boston Red Sox
20%
Cincinnati Reds
2.5%
These two US states are admitted as the 39th and 40th in the union.
1889
North Dakota & South Dakota
58.8%
Arizona & New Mexico
21.8%
Minnesota & Kansas
5.3%
Wyoming & Utah
13.9%
This corporation launches the world's first regular television service with 'high definition' (at least 200 lines of resolution).
1936
BBC
42.7%
PBS
4.7%
ABC
45.5%
Fox
6.4%

You're not logged in!

Compare scores with friends on all Sporcle quizzes.
OR
Log In

Sporcle TV

Today on Sporcle TV


Watch our educational content, quiz creation guides, and fun videos on Sporcle TV.

Show Comments

Extras

Top Quizzes Today


Score Distribution

Your Account Isn't Verified!

In order to create a playlist on Sporcle, you need to verify the email address you used during registration. Go to your Sporcle Settings to finish the process.

Report this User

Report this user for behavior that violates our Community Guidelines.

Details: